| 000 | 00838nam a22002657a 4500 | ||
|---|---|---|---|
| 003 | DO-SdBNP | ||
| 005 | 20240228140125.0 | ||
| 007 | ta | ||
| 008 | 210915e2019 a|||jr|||| 001|faspa d | ||
| 020 | _a9789945198021 | ||
| 040 |
_aDO-SdBNP _bspa _cBNPHU |
||
| 082 | 4 |
_222 _a863.5 _bP438 |
|
| 100 | 1 |
_aPérez de la Iglesia, Janina, _d1969- _979801 |
|
| 245 | 1 |
_aRober Pe y la pandilla azul / _cJanina Pérez de la Iglesia ; ilus. David F. Ardila Suesca |
|
| 260 |
_aSanto Domingo : _bSantillana, _c2019. |
||
| 300 |
_a190 p. : _bil.; _c20 cm. |
||
| 490 | _a Azul / Narrativa de aventura | ||
| 590 | _aInventariado, 2021 / SA | ||
| 650 | 4 |
_aNovela _97202 |
|
| 650 | 4 |
_aLiteratura juvenil _99038 |
|
| 650 | 4 |
_aLiteratura cubana _91483 |
|
| 700 |
_aArdila Suesca, David F. _eIlustrador. _979900 |
||
| 910 | _aSaquino | ||
| 942 |
_2ddc _cLBS1 |
||
| 999 |
_c50529 _d50529 |
||